000 00207nam a2200085Ia 4500
008 120527s9999 xx 000 0 und d
100 _aCappuccino, G
245 _aMicrobiology: a laboratory manual
942 _cBK
999 _c27311
_d27311